En el Centenario de Karl Mannheim: (1893-1947)/
में बचाया:
| मुख्य लेखक: | |
|---|---|
| स्वरूप: | पुस्तक |
| भाषा: | Spanish |
| टैग: |
टैग जोड़ें
कोई टैग नहीं, इस रिकॉर्ड को टैग करने वाले पहले व्यक्ति बनें!
|
MARC
| LEADER | 00000nam a22000007a 4500 | ||
|---|---|---|---|
| 003 | cru CIDCACS/IIS | ||
| 005 | 20180214133245.0 | ||
| 007 | ta | ||
| 008 | 180214s1993 sp |||p|r||||||0| 0|spa|| | ||
| 999 | |c 40986 |d 40986 | ||
| 040 | |c cru CIDCACS/IIS | ||
| 100 | 1 | |9 6627 |a Lamo de Espinosa, Emilio |d 1946- | |
| 245 | 1 | |a En el Centenario de Karl Mannheim: |b (1893-1947)/ |c Emilio Lamo de Espinosa | |
| 300 | |a páginas 7-13 | ||
| 773 | 0 | |0 40983 |9 1796 |a Centro de Investigaciones Sociológicas (España) |d Madrid, España: CIS, |o 18443 |t REIS: |x 02105233 | |
| 942 | |2 ddc |c PP | ||
